000 01005nam a22002897a 4500
005 20220329141123.0
008 971010s1988 r 00010 d
010 _a62907
011 _a63879
035 _a68497
090 _aTesis
100 0 0 _aEscamilla Martínez, Agustín.
_937445
245 _aDiseño de una máquina trilladora de frijol, estacionaria
260 _aChapingo, Méx. :
_bEl autor,
_c1988
300 _a130 p. ilus.
502 _aTesis (Ing. Agr. Esp. en Maquinaria Agrícola) -- UACH. Departamento de Maquinaria Agrícola
590 _aALEPH
_b10
_c20130110
_lUCH01
_h1346
590 _aBATCH-UPD
_b10
_c20130110
_lUCH01
_h1442
590 _aBATCH-UPD
_b10
_c20130410
_lUCH01
_h0913
590 _aBATCH-UPD
_b10
_c20130914
_lUCH01
_h1438
590 _aCONVERSION
_b10
_c20130109
_lUCH01
_h1334
650 1 4 _aFrijol.
_943319
650 1 4 _aTrilladoras.
_9115147
710 0 _aUACH. Departamento de Maquinaria Agrícola.
_9115876
901 _aBK
949 _bMA
_cTES
_d-619
_eTS1
_i68497
_si
999 _c62907
_d62907